JoJo´s Bizarre Adventure: Todos los Stands (Partes 3-9) - Estadísticas

Estadísticas generales
  • Esta prueba ha sido intentada 157 veces
  • La puntuación promedio es 78 de 172
Estadísticas de respuestas
Hint Respuesta % Correcto
Parte 3 – Stardust Crusaders Star Platinum
100%
Silver Chariot
97%
The World
94%
Parte 7 – Steel Ball Run The World (Alternate Universe)
92%
Hermit Purple
91%
Parte 4 – Diamond is Unbreakable Crazy Diamond
88%
Killer Queen
87%
Killer Queen (Alternate Universe)
87%
The Hand
87%
Parte 5 – Golden Wind Gold Experience
86%
Part 3 – Stardust Crusaders Magician's Red
85%
Hierophant Green
84%
The Fool
84%
Echoes|Echoes Act 1|Echoes Act 2|Echoes Act 3
80%
Heaven's Door
80%
Emperor
79%
King Crimson
78%
Sticky Fingers
78%
Aerosmith
77%
Parte 3 – Stardust Crusaders Cream
77%
Parte 6 – Stone Ocean Stone Free
77%
Parte 6 – Stone Ocean Made in Heaven
76%
Purple Haze
75%
Sex Pistols
75%
Anubis
74%
Parte 7 – Steel Ball Run Tusk|Tusk Act 1|Tusk Act 2|Tusk Act 3|Tusk Act 4
74%
White Snake
73%
C-Moon
72%
Death Thirteen
72%
Metallica
72%
Moody Blues
71%
Red Hot Chili Pepper
71%
Sun
71%
Dirty Deeds Done Dirt Cheap
69%
Empress
69%
Weather Report
68%
Hanged Man
67%
Justice
67%
Kiss
67%
Notorious B.I.G
67%
Green Day
66%
Lovers
66%
Tower of Gray
66%
Dark Blue Moon
65%
Foo Fighters
65%
Spice Girl
65%
Bad Company
63%
Chariot Requiem
63%
Oasis
63%
Scary Monsters
63%
Wheel of Fortune
63%
Gold Experience Requiem
62%
Parte 8 – JoJolion Soft & Wet
62%
Super Fly
62%
Harvest
61%
Osiris
61%
Man in the Mirror
60%
Yellow Temperance
60%
Wonder of U
59%
Black Sabbath
58%
Strength
58%
Ball Breaker
57%
Bastet
57%
Horus
57%
Love Deluxe
57%
Beach Boy
56%
White Album
56%
The Lock
55%
Cinderella
54%
Cheap Trick
53%
Baby Face
52%
Diver Down
52%
Hey Ya!
52%
Judgement
52%
Pearl Jam
52%
Highway Star
51%
Mr. President
51%
Bohemian Rhapsody
49%
Ebony Devil
49%
Parte 9 – The JoJoLands November Rain
49%
Tohth
49%
Enigma
48%
High Priestess
48%
Little Feet
48%
Stray Cat
48%
Atum
46%
Khnum
46%
Aqua Necklace
45%
Rolling Stones
45%
Sethan
45%
Clash
44%
Earth Wind and Fire
44%
Parte 4 – Diamond is Unbreakable Killer Queen: Bites the Dust
44%
The Grateful Dead
44%
Survivor
43%
Tenore Sax
43%
Geb
42%
Ratt
42%
Surface
41%
Atom Heart Father
40%
Talking Head
40%
Killer Queen: Sheer Heart Attack
39%
Boy II Man
38%
Burning Down the House
38%
Highway to Hell
38%
Kraft Work
38%
Goo Goo Dolls
36%
Under World
36%
Mandom
35%
Soft Machine
35%
Marilyn Manson
34%
Jail House Lock
33%
Dragon's Dream
32%
Manhattan Transfer
32%
Achtung Baby
31%
Limp Bizkit
31%
Sky High
31%
Yo-Yo Ma
30%
Green Green Grass of Home
28%
In a Silent Way
28%
Planet Waves
28%
Catch the Rainbow
27%
Civil War
26%
Jumpin' Jack Flash
25%
King Nothing
25%
Cream Starter
24%
Parte 7 – Steel Ball Run Love Train
24%
20th Century Boy
22%
Chocolate Disco
21%
Oh! Lonesome Me
20%
Tubular Bells
20%
Nut King Call
19%
Paisley Park
19%
Smooth Operators
19%
Fun Fun Fun
18%
Sugar Mountain´s Spring
18%
California King Bed
17%
Doggy Style
17%
Ticket to Ride
17%
Tomb of the Boom
15%
Vitamin C
15%
Love Love Deluxe
14%
Born This Way
13%
Paper Moon King
13%
Speed King
13%
The Hustle
13%
THE MATTEKUDASAI
13%
Wired
13%
I Am a Rock
12%
Boku no Rhythm wo Kiitekure
11%
Doctor Wu
11%
Tatoo You!
11%
Bigmouth Strikes Again
10%
Blue Hawaii
10%
Brain Storm
10%
Doobie Wah!
9%
Ozone Baby
9%
Walking Heart
9%
Awaking III Leaves
8%
Parte 5 – Golden Wind King Crimson Requiem
8%
Milagro Man
8%
200 Balloons
7%
Glory Days
7%
Space Trucking
7%
West End Girl
7%
Bags' Groove
6%
Cat Size
6%
Schott Key nº1| Schott Key nº2
6%
Les Feuilles
5%
Lyin' Eyes
3%
No se encontraron pruebas coincidentes
Distribución de puntuación
Porcentaje de gente con cada puntuación
Porcentaje por número respondido
Historial de tus puntuaciones
No has intentado esta prueba.